[Event "Montreal Ligue elite du dimanche"]
[Site "Montreal"]
[Date "2007.09.09"]
[Round "1"]
[White "Charbonneau, Olivier"]
[Black "Luo, Zhao Yang"]
[Result "1-0"]
[WhiteElo "1276"]
[BlackElo "1093"]
[PlyCount "69"]
[EventDate "2007.09.09"]
[EventType "swiss"]
[EventRounds "5"]
[EventCountry "CAN"]
[SourceTitle "EXT 2022"]
[Source "ChessBase"]
[SourceDate "2021.10.06"]
[SourceVersion "1"]
[SourceVersionDate "2021.10.06"]
[SourceQuality "1"]

1. c4 c6 2. g3 g6 3. Bg2 Bg7 4. Nc3 e6 5. e4 Qc7 6. d4 d6 7. Be3 f5 8. exf5 exf5 9. Nge2 Be6 10. d5 Bf7 11. Qd2 Nf6 12. Bh6 0-0 13. Bxg7 Kxg7 14. 0-0 Nbd7 15. dxc6 bxc6 16. Rfd1 Ne8 17. Nd4 Ne5 18. b3 Qb6 19. f4 Ng4 20. Bxc6 Rc8 21. Bd5 Nef6 22. Na4 Qb8 23. Be6 Ne4 24. Qb2 Kg8 25. Bxc8 Qxc8 26. Rf1 Qb7 27. Rae1 Rb8 28. Qc2 Be8 29. Nc3 Qb6 30. Qd3 Bc6 31. Nxe4 Bxe4 32. Qd2 Ba8 33. h3 Qb7 34. Nf3 Qb6+ 35. Qd4 1-0

[Event "Montreal Ligue elite du dimanche 10"]
[Site "Montreal"]
[Date "2006.10.01"]
[Round "1"]
[White "Carignan Leblanc, Cedric"]
[Black "Charbonneau, Olivier"]
[Result "1-0"]
[WhiteElo "1344"]
[BlackElo "1248"]
[PlyCount "47"]
[EventDate "2006.10.01"]
[EventType "swiss"]
[EventRounds "5"]
[EventCountry "CAN"]
[SourceTitle "EXT 2022"]
[Source "ChessBase"]
[SourceDate "2021.10.06"]
[SourceVersion "1"]
[SourceVersionDate "2021.10.06"]
[SourceQuality "1"]

1. e4 c5 2. Nf3 e6 3. Bc4 d6 4. 0-0 Nc6 5. b3 Nf6 6. Re1 Be7 7. Bb2 0-0 8. Nc3 a6 9. d4 cxd4 10. Nxd4 Bd7 11. Nf3 b5 12. Bd3 b4 13. Ne2 e5 14. c3 a5 15. Qd2 Bg4 16. Nh4 g6 17. Ng3 Re8 18. f4 Be6 19. f5 Bc8 20. Bc4 Kg7 21. fxg6 hxg6 22. Qg5 Nxe4 23. Ngf5+ Kg8 24. Bxf7+ 1-0

[Event "Quebec-ch qual U1400"]
[Site "Montreal"]
[Date "2005.10.08"]
[Round "2"]
[White "Charbonneau, Olivier"]
[Black "Rehel, Darryl"]
[Result "1-0"]
[WhiteElo "1276"]
[BlackElo "1387"]
[PlyCount "55"]
[EventDate "2005.10.08"]
[EventType "swiss"]
[EventRounds "7"]
[EventCountry "CAN"]
[SourceTitle "EXT 2009"]
[Source "ChessBase"]
[SourceDate "2008.11.26"]
[SourceVersion "1"]
[SourceVersionDate "2008.11.26"]
[SourceQuality "1"]

1. d4 f5 2. Nc3 e6 3. Nf3 Nf6 4. Bg5 Be7 5. e3 0-0 6. Bd3 b6 7. 0-0 Bb7 8. Be2 c5 9. Re1 Nc6 10. d5 exd5 11. Nxd5 Nxd5 12. Qxd5+ Kh8 13. Bxe7 Qxe7 14. Rad1 Rad8 15. c3 d6 16. Qd2 Ne5 17. Nxe5 dxe5 18. Qc1 Qg5 19. f3 e4 20. f4 Qf6 21. Rxd8 Rxd8 22. Rd1 g5 23. Rxd8+ Qxd8 24. g3 gxf4 25. gxf4 Qd5 26. b3 a6 27. Qb2 Kg8 28. Bc4 1-0